| 000 | 01053cam a2200277 4500 | ||
|---|---|---|---|
| 008 | 000000n2003 000 0 eng u | ||
| 020 | _a086170682X | ||
| 035 | _a(Sirsi) u122230 | ||
| 041 | _aeng | ||
| 050 |
_a333.76 _c18 |
||
| 110 |
_aCountryside Agency _93740 |
||
| 245 | 4 | _aThe state of the countryside 2003 | |
| 260 |
_aWetherby _bCountryside Agency _c2003 |
||
| 490 |
_aCountryside Agency Publication _v140 |
||
| 520 | _aThe Countryside Agency's annual report monitoring the state of the countryside. The report is presented in several sections considering people and communities, services and lifestyles, the environment and recreation, and rural economies and enterprise. | ||
| 650 | _aEMPLOYMENT | ||
| 650 | _aFARMING | ||
| 650 | _aHOUSING | ||
| 650 | _aRURAL AREAS | ||
| 650 | _aSTATISTICS | ||
| 650 | _aTOURISM | ||
| 650 | _aTRANSPORT | ||
| 690 |
_aRural _96268 |
||
| 856 |
_uhttps://www.countryside.gov.uk/publications/publication.asp?PublicationID=618 _vView the report on the Countryside Agency website... |
||
| 942 | _n0 | ||
| 999 |
_c102796 _d102796 |
||